00789nam a2200241 a 450000100060000000300080000600500170001400800410003103500190007204000270009104100080011808200240012610000240015024500400017425000120021426000340022630000670026050400510032760000240037861000650040265100460046765100340051323353BD-RjUL20211209000923.0140310s1947 enkaf b 001 0 eng d a(BD-RjUL)23418 aEQOcEQObengdBD-RjUL aeng00a915.33045bSCI 19471 aScott, Hugh,d1885-10aIn the high Yemen /cby Hugh Scott. a2nd ed. aLondon :bJohn Murray,c1947. axx, 260p. 34p. of plates :bill., maps, plans, plates ;c22cm. aIncludes bibliographical references and index.10aScott, Hugh,d1885-20aBritish Museum.bExpedition to South-West Arabia, 1937-1938. 0aYemen (Republic)xDescription and travel. 0aAdenxDescription and travel.